| 000 | 00680nam a2200193Ia 4500 | ||
|---|---|---|---|
| 003 | GCL | ||
| 008 | 140319s9999 xx 000 0 ara d | ||
| 020 | _a0024539953 | ||
| 040 |
_aGCL / _cGCL |
||
| 082 | 0 | 4 |
_aم _b915.691 _bش م |
| 100 | 1 | _aشكرى عارف | |
| 245 | 1 | 0 |
_aالمواقع الجغرافية فى فلسطين : _bالاسماء العربية والمسميات العبرية / _cشكرى عارف |
| 260 |
_aفلسطين : _bمؤسسة الدراسات الفلسطينية ، _c2004 |
||
| 300 |
_a601 ص ؛ _c16 سم |
||
| 650 | 0 | 4 | _aجغرافية الحضر |
| 650 | 0 | 4 | _aالمدن - فلسطين |
| 650 | 0 | 4 | _aالمدن - معاجم |
| 942 |
_2ddc _cBK |
||
| 999 |
_c8078 _d8078 |
||